000 00740nam a2200193Ii 4500
003 JO-AjNU
008 230605s9999||||xx |||||||||||||| ||und||
040 _aJO-AjNU
_bara
_erda
_cJO-AjNU
041 _aara
050 1 4 _aKRM931.2000
100 3 _aمدغمش ، جمال ,
_eauthor
_930304
245 0 0 _aمجموعة الاجتهاد القضائي : أحكام التأمين
264 3 1 _aد،م : د،ن ،2000
336 _atext
_btxt
_2rdacontent
337 _aunmediated
_bn
_2rdamedia
338 _avolume
_bnc
_2rdacarrier
490 0 _aسلسلة المكتبة القانونية
650 4 _aمحاكم النقض والإبرام -- الأردن -- المحاكم -- الأردن -- المحاكمات -- الأردن
_930305
999 _aA11997
_c15565
_d15565